<?xml version="1.0" encoding="UTF-8"?>
<record
    xmlns:xsi="http://www.w3.org/2001/XMLSchema-instance"
    xsi:schemaLocation="http://www.loc.gov/MARC21/slim http://www.loc.gov/standards/marcxml/schema/MARC21slim.xsd"
    xmlns="http://www.loc.gov/MARC21/slim">

  <leader>01422nam a2200325 i 4500</leader>
  <controlfield tag="001">182208</controlfield>
  <controlfield tag="003">ES-MaACL</controlfield>
  <controlfield tag="005">20251116063115.0</controlfield>
  <controlfield tag="008">130626s2010    sp a   | |||||||| | spa d</controlfield>
  <datafield tag="020" ind1=" " ind2=" ">
    <subfield code="a">978-84-938142-2-9</subfield>
  </datafield>
  <datafield tag="080" ind1=" " ind2=" ">
    <subfield code="a">7.036:069.5(460.27 M.)</subfield>
  </datafield>
  <datafield tag="080" ind1=" " ind2=" ">
    <subfield code="a">7.036</subfield>
  </datafield>
  <datafield tag="100" ind1="1" ind2=" ">
    <subfield code="a">Mart&#xED;n, Carlos, </subfield>
    <subfield code="d">1956-</subfield>
    <subfield code="9">162760</subfield>
  </datafield>
  <datafield tag="245" ind1="1" ind2="3">
    <subfield code="a">La colecci&#xF3;n : </subfield>
    <subfield code="b">Museo Nacional Reina Sof&#xED;a : claves de lectura.</subfield>
    <subfield code="n">Parte I / </subfield>
    <subfield code="c">editado por Manuel J. Borja-Villel, Jes&#xFA;s Carrillo, Rosario Peir&#xF3; ; con textos de Carlos Mart&#xED;n, Fernando L&#xF3;pez, Roc&#xED;o Robles.</subfield>
  </datafield>
  <datafield tag="260" ind1=" " ind2=" ">
    <subfield code="a">[Madrid] : </subfield>
    <subfield code="b">Museo Nacional Centro de Arte Reina Sof&#xED;a ; </subfield>
    <subfield code="a">Barcelona : </subfield>
    <subfield code="b">Ediciones La Central, </subfield>
    <subfield code="c">D.L. 2010.</subfield>
  </datafield>
  <datafield tag="300" ind1=" " ind2=" ">
    <subfield code="a">267 p. : </subfield>
    <subfield code="b">il. col. y n. ; </subfield>
    <subfield code="c">21 cm.</subfield>
  </datafield>
  <datafield tag="504" ind1=" " ind2=" ">
    <subfield code="a">Bibliograf&#xED;a: p. 256-260.</subfield>
  </datafield>
  <datafield tag="610" ind1="2" ind2="7">
    <subfield code="a">Museo Nacional Centro de Arte Reina Sof&#xED;a</subfield>
    <subfield code="2"></subfield>
    <subfield code="9">147737</subfield>
  </datafield>
  <datafield tag="650" ind1=" " ind2="7">
    <subfield code="a">Arte-</subfield>
    <subfield code="y">S.XX</subfield>
    <subfield code="2"></subfield>
    <subfield code="9">141916</subfield>
  </datafield>
  <datafield tag="700" ind1="1" ind2=" ">
    <subfield code="a">L&#xF3;pez, Fernando, </subfield>
    <subfield code="d">1961-</subfield>
    <subfield code="9">153013</subfield>
  </datafield>
  <datafield tag="700" ind1="1" ind2=" ">
    <subfield code="a">Robles Tard&#xED;o, Roc&#xED;o, </subfield>
    <subfield code="d">1976-</subfield>
    <subfield code="9">153014</subfield>
  </datafield>
  <datafield tag="700" ind1="1" ind2=" ">
    <subfield code="a">Carrillo Castillo, Jes&#xFA;s, </subfield>
    <subfield code="d">1966-</subfield>
    <subfield code="9">153015</subfield>
  </datafield>
  <datafield tag="700" ind1="1" ind2=" ">
    <subfield code="a">Borja-Villel, Manuel J., </subfield>
    <subfield code="d">1957-</subfield>
    <subfield code="9">153016</subfield>
  </datafield>
  <datafield tag="700" ind1="1" ind2=" ">
    <subfield code="a">Peir&#xF3;, Rosario.</subfield>
    <subfield code="9">153017</subfield>
  </datafield>
  <datafield tag="710" ind1="2" ind2=" ">
    <subfield code="a">Museo Nacional Centro de Arte Reina Sof&#xED;a</subfield>
    <subfield code="9">147737</subfield>
  </datafield>
  <datafield tag="852" ind1=" " ind2=" ">
    <subfield code="a">ES-MaACL</subfield>
    <subfield code="j">A-12775</subfield>
    <subfield code="9">189119</subfield>
    <subfield code="b">R.148586</subfield>
    <subfield code="c">DEPO1</subfield>
    <subfield code="d">Olim: N-5775</subfield>
    <subfield code="x">Donaci&#xF3;n: Almudena Cruz</subfield>
  </datafield>
  <datafield tag="903" ind1=" " ind2=" ">
    <subfield code="9">234376</subfield>
    <subfield code="a">Cruz, Almudena</subfield>
    <subfield code="e">dnr</subfield>
  </datafield>
  <datafield tag="942" ind1=" " ind2=" ">
    <subfield code="2">udc</subfield>
    <subfield code="c">MONOGRAFIA</subfield>
  </datafield>
  <datafield tag="999" ind1=" " ind2=" ">
    <subfield code="c">182208</subfield>
    <subfield code="d">182208</subfield>
  </datafield>
  <datafield tag="952" ind1=" " ind2=" ">
    <subfield code="0">0</subfield>
    <subfield code="1">0</subfield>
    <subfield code="2">udc</subfield>
    <subfield code="4">0</subfield>
    <subfield code="7">0</subfield>
    <subfield code="a">ATENEOM</subfield>
    <subfield code="b">ATENEOM</subfield>
    <subfield code="c">DEPO1</subfield>
    <subfield code="d">2013-06-26</subfield>
    <subfield code="e">DONACION</subfield>
    <subfield code="l">0</subfield>
    <subfield code="o">A-12775</subfield>
    <subfield code="p">1191479</subfield>
    <subfield code="r">2023-02-23 00:00:00</subfield>
    <subfield code="w">2023-02-23</subfield>
    <subfield code="y">MONOGRAFIA</subfield>
  </datafield>
</record>
